Bài giảng động hóa học

Kaydedildi:
Detaylı Bibliyografya
Yazar: Nguyễn Khoái
Materyal Türü: Kitap
Baskı/Yayın Bilgisi: Huế ĐHSP Huế 1997
Konular:
Etiketler: Etiketle
Etiket eklenmemiş, İlk siz ekleyin!
Thư viện lưu trữ: Trung tâm Học liệu Lê Vũ Hùng, Trường Đại học Đồng Tháp
LEADER 00790pam a22002538a 4500
001 00023817
005 20171026081022.0
008 110630s1997 ||||||Viesd
041 0 # |a Vie 
082 1 4 |a 541.071  |b B103GI 
100 0 # |a Nguyễn Khoái 
245 0 0 |a Bài giảng động hóa học  |c Nguyễn Khoái 
260 # # |a Huế  |b ĐHSP Huế  |c 1997 
300 # # |a 93tr.  |c 27 cm. 
500 # # |a ĐTTS ghi: Bộ GD và ĐT.ĐH Huế. Trường ĐHSP 
650 # 4 |a Động hóa học 
653 # # |a bài giảng 
852 # # |b Kho giáo trình  |j KGT.0007642 
852 # # |b Kho mượn  |j KGT.0007642 
852 # # |j KGT.0007642 
910 0 # |d 30/06/2011 
980 # # |a Trung tâm Học liệu Lê Vũ Hùng, Trường Đại học Đồng Tháp